Revisiting political theory and thought / (Record no. 89830)

MARC details
000 -LEADER
fixed length control field 00573nam a22001937a 4500
005 - DATE AND TIME OF LATEST TRANSACTION
control field 20141127101433.0
010 ## - LCCN (DPL NO)
LC control number ENG-111150
020 ## - INTERNATIONAL STANDARD BOOK NUMBER
Terms of availability 220.00
International Standard Book Number 9788180642005
035 ## - SYSTEM CONTROL NUMBER
System control number EN-94682
037 ## - SOURCE OF ACQUISITION
Source of stock number/acquisition DBAD/PUB
082 ## - DEWEY DECIMAL CLASSIFICATION NUMBER
Classification number 320.954
100 ## - MAIN ENTRY--PERSONAL NAME
Personal name Chakrabarti, Sukalpa
245 ## - TITLE STATEMENT
Title Revisiting political theory and thought /
Statement of responsibility, etc by Sukalpa Chakrabarti
260 ## - PUBLICATION, DISTRIBUTION, ETC. (IMPRINT)
Place of publication, distribution, etc Kolkata
Name of publisher, distributor, etc Progressive Publishers
Date of publication, distribution, etc 2014
270 ## - ADDRESS
City Kolkata
Postal code 700073
Address 37A, College Street
300 ## - PHYSICAL DESCRIPTION
Extent 304p.
Dimensions 22cm(pbk)
500 ## - GENERAL NOTE
General note Includes index
942 ## - ADDED ENTRY ELEMENTS (KOHA)
Source of classification or shelving scheme Dewey Decimal Classification
Item type English Books
Call number suffix CHA
Classification part 320.954
Holdings
Withdrawn status Lost status Not for loan Collection code Home library Current library Date acquired Source of acquisition Cost, normal purchase price Full call number Barcode Copy number Cost, replacement price Koha item type
    Not For Loan Non-fiction D.B.Act.Division D.B.Act.Division 07/11/2014 DBAD/PUB 220.00 320.954 CHA EN-94682 1 220.00 English Books

© Delhi Public Library
Hit Counter
free hit counter